| 000 | 00979cam a22002291 4500 | ||
|---|---|---|---|
| 001 | he 66000544 | ||
| 003 | DLC | ||
| 005 | 20260227111437.0 | ||
| 008 | 940304m18891896po 000 0 heb | ||
| 010 | _ahe 66000544 | ||
| 025 | _aPL480:Is-1206 | ||
| 035 | _a(OCoLC)29903911 | ||
| 040 |
_aDLC _cTxU _dTxU _dDLC |
||
| 042 | _apremarc | ||
| 050 | 0 | 0 |
_aBS1225 _b.F382 |
| 100 | 0 |
_aḤayim Ary. Leyb ben Yosef _q(Ḥayim Aryeh Leyb ben Yosef) |
|
| 245 | 1 | 0 |
_aShaʻar bat rabim, _bʻal Ḥamishah ḥumshe Torah ve-haftarot, _cme-et Ḥayyim Aryeh Leb b. R. Yosef me-ir Yedvavna. |
| 260 |
_aVarsha, _bBi-defus N. Shriftgisser _c[1889/90-1896?] |
||
| 300 |
_a5 v. _c23 cm. |
||
| 500 | _aPhoto-offset; v. 1 stamped: Mahad. ḥadashah u-metukenet, 724; v. 2: Bi-defus Y. Lebenzohn, stamped: Yerushalayim, 724; v. 3-5: Pietrkov, A. Tikatsinski, Mahazik Sklar sefarim bi-Byalistok; without original date; v. 3 also stampted: Tel-Aviv, 728. | ||
| 630 | 0 | 0 |
_aBible. _pPentateuch _xCommentaries. |
| 999 |
_c31619 _d31619 |
||